[Event "Pergamino op"]
[Site "Pergamino"]
[Date "2022.12.09"]
[Round "1"]
[White "Heberlein, Lucas"]
[Black "Zalisnak, Jacobo"]
[Result "0-1"]
[WhiteElo "1372"]
[BlackElo "2061"]
[PlyCount "80"]
[EventDate "2022.12.09"]
[EventType "swiss"]
[EventRounds "6"]
[EventCountry "ARG"]
[SourceTitle "EXT 2024"]
[Source "ChessBase"]
[SourceDate "2023.10.10"]
[SourceVersion "1"]
[SourceVersionDate "2023.10.10"]
[SourceQuality "1"]

1. e4 a6 2. Nf3 b5 3. d4 Bb7 4. Bd3 e6 5. Bf4 d5 6. exd5 Bxd5 7. Nc3 Bb4 8. 0-0 Bxc3 9. bxc3 Nd7 10. Qe2 Nb6 11. Rfe1 Nf6 12. Ne5 Rc8 13. c4 bxc4 14. Nxc4 Bxc4 15. Bxc4 Nxc4 16. Qxc4 0-0 17. Rad1 Qd7 18. h3 Rfd8 19. Bg5 Qb5 20. Qxb5 axb5 21. Re5 c6 22. c3 Rd5 23. Bxf6 gxf6 24. Rxd5 cxd5 25. Rd3 Kf8 26. Kf1 Ke7 27. Ke2 Rb8 28. Kf3 Ra8 29. Rd2 Ra3 30. Rb2 Rxc3+ 31. Ke2 Ra3 32. f4 Ra5 33. Kf3 Kd6 34. Ke2 Ra4 35. Rd2 Rc4 36. Ke3 e5 37. fxe5+ fxe5 38. dxe5+ Kxe5 39. g4 Rc3+ 40. Rd3 d4+ 0-1

[Event "Entre Rios Galmarello Cup 3rd"]
[Site "Entre Rios"]
[Date "2022.11.04"]
[Round "1"]
[White "Zalisnak, Jacobo"]
[Black "Toller, Nahuel"]
[Result "1-0"]
[WhiteElo "2072"]
[BlackElo "1334"]
[PlyCount "35"]
[EventDate "2022.11.04"]
[EventType "swiss"]
[EventRounds "6"]
[EventCountry "ARG"]
[SourceTitle "EXT 2024"]
[Source "ChessBase"]
[SourceDate "2023.10.10"]
[SourceVersion "1"]
[SourceVersionDate "2023.10.10"]
[SourceQuality "1"]

1. b3 d5 2. Bb2 Nc6 3. e3 Bf5 4. Bb5 Nf6 5. Nf3 e6 6. Ne5 Qd6 7. f4 Nd7 8. Ba3 Nb4 9. Bxd7+ Ke7 10. Bb5 Nxc2+ 11. Qxc2 Bxc2 12. Bxd6+ cxd6 13. Nf3 a6 14. Be2 g6 15. Nc3 Bg7 16. Rc1 Bf5 17. d4 b5 18. Kd2 1-0

[Event "Las Canas op"]
[Site "Las Canas"]
[Date "2020.01.10"]
[Round "2"]
[White "Zalisnak, Jacobo"]
[Black "Lima Abadal, Nicolas"]
[Result "1-0"]
[WhiteElo "2109"]
[BlackElo "1649"]
[PlyCount "39"]
[EventDate "2020.01.10"]
[EventType "swiss"]
[EventRounds "5"]
[EventCountry "URU"]
[SourceTitle "CBM 194 Extra"]
[Source "ChessBase"]
[SourceDate "2020.03.31"]
[SourceVersion "1"]
[SourceVersionDate "2020.03.31"]
[SourceQuality "1"]

1. b3 e5 2. Bb2 Nc6 3. e3 Nf6 4. Nf3 d6 5. c4 Bf5 6. d3 g6 7. Be2 Bg7 8. 0-0 0-0 9. Nbd2 e4 10. dxe4 Nxe4 11. Bxg7 Nxd2 12. Bxf8 Nxf1 13. Bh6 Nxh2 14. Nxh2 Qh4 15. Bf4 Re8 16. Qd2 Qf6 17. Rd1 h5 18. Nf3 Bg4 19. b4 Bxf3 20. Bxf3 1-0

[Event "Timbues op"]
[Site "Timbues"]
[Date "2019.11.16"]
[Round "2"]
[White "Romero Barreto, Jaime Jose"]
[Black "Zalisnak, Jacobo"]
[Result "1-0"]
[WhiteElo "2362"]
[BlackElo "2076"]
[PlyCount "57"]
[EventDate "2019.11.15"]
[EventType "swiss"]
[EventRounds "7"]
[EventCountry "ARG"]
[SourceTitle "CBM 193 Extra"]
[Source "ChessBase"]
[SourceDate "2020.01.31"]
[SourceVersion "1"]
[SourceVersionDate "2020.01.31"]
[SourceQuality "1"]

1. e4 e6 2. Nf3 d5 3. Nc3 Nf6 4. e5 Nfd7 5. d4 c5 6. dxc5 Nxc5 7. h4 Nc6 8. Bf4 a6 9. Bd3 h6 10. h5 b5 11. Qe2 b4 12. Nd1 d4 13. Rh3 Nxd3+ 14. cxd3 b3 15. axb3 Bb7 16. Kf1 Qd5 17. Rg3 Rc8 18. Ra4 Nb4 19. Nd2 Rc2 20. Qg4 Rc1 21. Nc4 Rb1 22. Qe2 Bc6 23. Ra5 Bb5 24. Na3 Nxd3 25. Nxb5 Qd8 26. Qxd3 Qxa5 27. Qxb1 axb5 28. Qc2 Kd7 29. Rd3 1-0

[Event "San Salvador op"]
[Site "San Salvador"]
[Date "2019.06.21"]
[Round "2"]
[White "Cuevas, Alex"]
[Black "Zalisnak, Jacobo"]
[Result "1-0"]
[WhiteElo "2299"]
[BlackElo "2078"]
[PlyCount "109"]
[EventDate "2019.06.21"]
[EventType "swiss"]
[EventRounds "6"]
[EventCountry "ARG"]
[SourceTitle "CBM 191 Extra"]
[Source "ChessBase"]
[SourceDate "2019.09.30"]
[SourceVersion "1"]
[SourceVersionDate "2019.09.30"]
[SourceQuality "1"]

1. c4 f5 2. d4 Nf6 3. g3 e6 4. Bg2 Be7 5. Nf3 d5 6. 0-0 0-0 7. Nc3 c6 8. Qc2 a5 9. Rb1 Ne4 10. a3 Nd7 11. b4 axb4 12. axb4 Nb6 13. Nxe4 fxe4 14. Nd2 Bf6 15. e3 Bd7 16. Bb2 Qe7 17. Qb3 Kh8 18. c5 Nc8 19. f3 exf3 20. Rxf3 Na7 21. Rbf1 Nb5 22. h4 Kg8 23. Bh3 g6 24. Qd3 Bg7 25. e4 Rxf3 26. Nxf3 dxe4 27. Qxe4 Ra4 28. Ne5 Rxb4 29. Rf7 Qxf7 30. Nxf7 Kxf7 31. Qf4+ Ke7 32. Bc1 e5 33. Qg5+ Bf6 34. Qh6 Bxh3 35. Qxh7+ Ke6 36. Qg8+ Ke7 37. dxe5 Rb1 38. exf6+ Kxf6 39. Qf8+ Ke6 40. Qf4 Kd5 41. Qd2+ Ke5 42. Kf2 Bf5 43. g4 Be4 44. Bb2+ Ke6 45. Ke3 Bd5 46. Kf4 Rh1 47. Qc2 Rf1+ 48. Kg5 Kd7 49. Qxg6 Nc7 50. Qd6+ Kc8 51. Bf6 Ne6+ 52. Kg6 Be4+ 53. Kf7 Bd5 54. Ke7 Re1 55. Be5 1-0

[Event "ARG-ch sf Cup"]
[Site "Villaguay/Entre Rios"]
[Date "2018.12.16"]
[Round "6.2"]
[White "Abdenur, Luciano"]
[Black "Zalisnak, Jacobo"]
[Result "1/2-1/2"]
[WhiteElo "2002"]
[BlackElo "2064"]
[PlyCount "132"]
[EventDate "2018.12.14"]
[EventType "swiss"]
[EventRounds "6"]
[EventCountry "ARG"]
[SourceTitle "EXT 2024"]
[Source "ChessBase"]
[SourceDate "2023.10.10"]
[SourceVersion "1"]
[SourceVersionDate "2023.10.10"]
[SourceQuality "1"]

1. e4 e6 2. d4 d5 3. exd5 exd5 4. Nf3 Nf6 5. c4 c6 6. Bd3 Bb4+ 7. Nc3 Qe7+ 8. Be3 Ng4 9. Qd2 Nxe3 10. fxe3 dxc4 11. Bxc4 Be6 12. Bxe6 Qxe6 13. 0-0 0-0 14. Qd3 Nd7 15. Ng5 Qg6 16. Rf5 Rae8 17. Raf1 h6 18. Nxf7 Rxf7 19. Qc4 Nf6 20. Qxb4 Rxe3 21. d5 Re1 22. Rxe1 Qxf5 23. dxc6 bxc6 24. Qb8+ Kh7 25. Qe5 Qxe5 26. Rxe5 Rd7 27. Re2 Kg6 28. Rc2 Kf5 29. b4 Ne4 30. Nxe4 Kxe4 31. Rxc6 Rd1+ 32. Kf2 Rd2+ 33. Kg3 Rxa2 34. Rg6 a5 35. bxa5 Rxa5 36. Rxg7 Kf5 37. Kh4 Kf6 38. Rg8 Kf7 39. Rg4 Rb5 40. h3 Ra5 41. Kg3 Ra3+ 42. Kh2 Ra5 43. h4 Rb5 44. g3 Ra5 45. Kh3 Rb5 46. Rc4 Kg7 47. Kg4 Ra5 48. Rc7+ Kf6 49. Rb7 Rc5 50. Rd7 Ra5 51. h5 Ra4+ 52. Kh3 Ra5 53. Kh4 Ra4+ 54. g4 Ra1 55. Rh7 Rh1+ 56. Kg3 Rg1+ 57. Kf4 Rf1+ 58. Ke4 Kg5 59. Rg7+ Kh4 60. Rg6 Rf2 61. Ke5 Rf1 62. Rf6 Rg1 63. Rxh6 Rxg4 64. Kf5 Rg5+ 65. Kf4 Rxh5 66. Rxh5+ Kxh5 1/2-1/2

[Event "ARG-ch sf Cup"]
[Site "Villaguay/Entre Rios"]
[Date "2018.12.16"]
[Round "5.5"]
[White "Arbuello, Diego"]
[Black "Zalisnak, Jacobo"]
[Result "0-1"]
[WhiteElo "1971"]
[BlackElo "2064"]
[PlyCount "99"]
[EventDate "2018.12.14"]
[EventType "swiss"]
[EventRounds "6"]
[EventCountry "ARG"]
[SourceTitle "EXT 2024"]
[Source "ChessBase"]
[SourceDate "2023.10.10"]
[SourceVersion "1"]
[SourceVersionDate "2023.10.10"]
[SourceQuality "1"]

1. d4 e6 2. f4 Nf6 3. Nf3 d5 4. e3 Nbd7 5. Nbd2 Ne4 6. g3 Nd6 7. Ne5 Nf6 8. b4 Be7 9. b5 0-0 10. Rb1 Nfe4 11. Nxe4 Nxe4 12. Bd2 f6 13. Nd3 Qe8 14. Bg2 Bd6 15. 0-0 Bd7 16. a4 a6 17. bxa6 bxa6 18. a5 Bb5 19. Bb4 Rc8 20. Re1 Qe7 21. c3 Bxb4 22. Rxb4 Nxc3 23. Qc2 Ne2+ 24. Rxe2 Bxd3 25. Qxd3 Qxb4 26. Qxa6 Rfe8 27. Bh3 f5 28. g4 g6 29. gxf5 exf5 30. Qc6 Qb1+ 31. Kf2 Qh1 32. Bg2 Qxh2 33. Qxd5+ Kh8 34. a6 c6 35. Qd7 Qh4+ 36. Kg1 Rb8 37. Qxc6 Rb1+ 38. Bf1 Qg3+ 39. Qg2 Qxg2+ 40. Kxg2 Ra1 41. Rb2 Rxe3 42. Kf2 Rea3 43. Rb7 R1a2+ 44. Kg1 Rg3+ 45. Kh1 Rga3 46. d5 Ra1 47. Kg2 R3a2+ 48. Kg1 Rxa6 49. Rd7 Ra8 50. Kf2 0-1

[Event "ARG-ch sf Cup"]
[Site "Villaguay/Entre Rios"]
[Date "2018.12.15"]
[Round "4.4"]
[White "Zalisnak, Jacobo"]
[Black "Cornejo, Diego"]
[Result "1/2-1/2"]
[WhiteElo "2064"]
[BlackElo "1929"]
[PlyCount "69"]
[EventDate "2018.12.14"]
[EventType "swiss"]
[EventRounds "6"]
[EventCountry "ARG"]
[SourceTitle "EXT 2024"]
[Source "ChessBase"]
[SourceDate "2023.10.10"]
[SourceVersion "1"]
[SourceVersionDate "2023.10.10"]
[SourceQuality "1"]

1. e3 c5 2. f4 g6 3. Nf3 Bg7 4. Be2 Nf6 5. 0-0 d5 6. d4 0-0 7. c3 Nbd7 8. Ne5 Ne4 9. Nd2 Nxd2 10. Bxd2 Qb6 11. Qb3 c4 12. Qa3 Qd6 13. Qxd6 exd6 14. Nxd7 Bxd7 15. Bf3 Bc6 16. g4 f5 17. h3 h6 18. Kh2 Kh7 19. Rf2 Rg8 20. Rg1 Bf6 21. g5 hxg5 22. fxg5 Be7 23. h4 Kg7 24. Kg3 Rh8 25. Rh1 Raf8 26. Kf4 Rh7 27. Rfh2 Rfh8 28. Bc1 Bf8 29. h5 Be7 30. h6+ Kf7 31. b3 Ke6 32. Rb2 Be8 33. Bg2 b5 34. bxc4 bxc4 35. Bd2 1/2-1/2

[Event "ARG-ch sf Cup"]
[Site "Villaguay/Entre Rios"]
[Date "2018.12.14"]
[Round "2.7"]
[White "Zalisnak, Jacobo"]
[Black "Terre, Marcelo"]
[Result "1-0"]
[WhiteElo "2064"]
[BlackElo "1894"]
[PlyCount "51"]
[EventDate "2018.12.14"]
[EventType "swiss"]
[EventRounds "6"]
[EventCountry "ARG"]
[SourceTitle "EXT 2024"]
[Source "ChessBase"]
[SourceDate "2023.10.10"]
[SourceVersion "1"]
[SourceVersionDate "2023.10.10"]
[SourceQuality "1"]

1. b3 e5 2. Bb2 Nc6 3. e3 Nf6 4. Nf3 d6 5. c4 e4 6. Nd4 Nxd4 7. Bxd4 d5 8. cxd5 Nxd5 9. Nc3 Nxc3 10. Bxc3 Qg5 11. Qc2 Bf5 12. Qb2 f6 13. h4 Qg6 14. h5 Qf7 15. h6 Rg8 16. hxg7 Bxg7 17. Qa3 Qd7 18. Qa5 a6 19. Rh5 Bg6 20. Rd5 Qe6 21. Bb5+ axb5 22. Qxa8+ Kf7 23. Rd8 Bf8 24. Rc1 Bh5 25. Bb2 Rxg2 26. Rxf8+ 1-0

[Event "Entre Rios Region-ch"]
[Site "Chajari"]
[Date "2018.10.27"]
[Round "2.7"]
[White "Zalisnak, Jacobo"]
[Black "Iregui, Victor"]
[Result "1/2-1/2"]
[WhiteElo "2103"]
[BlackElo "1858"]
[PlyCount "71"]
[EventDate "2018.10.26"]
[EventType "swiss"]
[EventRounds "6"]
[EventCountry "ARG"]
[SourceTitle "EXT 2024"]
[Source "ChessBase"]
[SourceDate "2023.10.10"]
[SourceVersion "1"]
[SourceVersionDate "2023.10.10"]
[SourceQuality "1"]

1. e3 e5 2. b3 Nf6 3. Bb2 Nc6 4. Bb5 d6 5. Nf3 a6 6. Bxc6+ bxc6 7. d3 Be7 8. Nbd2 a5 9. a4 Nd5 10. 0-0 0-0 11. Nc4 Nb6 12. Qd2 Nxc4 13. dxc4 Bf6 14. e4 Be6 15. Rad1 Qb8 16. h3 Rd8 17. Qe2 Qb7 18. Rfe1 Re8 19. Qd2 Qb6 20. Bc3 Red8 21. Qe2 Re8 22. Rd2 Rad8 23. Red1 Qc5 24. Ne1 Qa7 25. Rd3 g6 26. Qd2 Ra8 27. Kh1 Bg7 28. f4 Bh6 29. g3 exf4 30. gxf4 Qc5 31. Qh2 f5 32. Bd4 Qb4 33. e5 d5 34. c5 Bg7 35. Bf2 h5 36. Kg2 1/2-1/2

[Event "Parana Dos Orillas 7th"]
[Site "Parana"]
[Date "2018.08.05"]
[Round "6.6"]
[White "Zalisnak, Jacobo"]
[Black "Abdenur, Luciano"]
[Result "0-1"]
[WhiteElo "2111"]
[BlackElo "1936"]
[PlyCount "66"]
[EventDate "2018.08.03"]
[EventType "swiss"]
[EventRounds "6"]
[EventCountry "ARG"]
[SourceTitle "EXT 2024"]
[Source "ChessBase"]
[SourceDate "2023.10.10"]
[SourceVersion "1"]
[SourceVersionDate "2023.10.10"]
[SourceQuality "1"]

1. b3 d5 2. e3 e5 3. Bb2 Bd6 4. Nf3 Qe7 5. c4 dxc4 6. bxc4 Nd7 7. Nc3 Ngf6 8. Nb5 0-0 9. Nxd6 Qxd6 10. d3 Re8 11. Be2 Nf8 12. 0-0 Ng6 13. Qc2 Bf5 14. Rfd1 Rad8 15. Qc3 Qc6 16. Qa5 b6 17. Qc3 Bc8 18. Rac1 Bb7 19. a4 a5 20. Qb3 Nd7 21. Qa3 Nc5 22. Ra1 f6 23. Bf1 Qe6 24. d4 Bxf3 25. gxf3 Nb7 26. Rac1 e4 27. fxe4 Qg4+ 28. Kh1 Nh4 29. Qd3 Qf3+ 30. Kg1 Rxe4 31. h3 Rg4+ 32. hxg4 Qxg4+ 33. Kh1 Nf3 0-1

[Event "Villaguay Entre Rios Cup"]
[Site "Villaguay"]
[Date "2017.12.17"]
[Round "5"]
[White "Perez, Daniel"]
[Black "Zalisnak, Jacobo"]
[Result "0-1"]
[WhiteElo "2112"]
[BlackElo "2085"]
[PlyCount "48"]
[EventDate "2017.12.15"]
[EventType "swiss"]
[EventRounds "6"]
[EventCountry "ARG"]
[SourceTitle "CBM 182 Extra"]
[Source "ChessBase"]
[SourceDate "2018.02.23"]
[SourceVersion "1"]
[SourceVersionDate "2018.02.23"]
[SourceQuality "1"]

1. e4 a6 2. d4 b5 3. Nf3 Bb7 4. Bd3 Nf6 5. Qe2 e6 6. a4 b4 7. Nbd2 d5 8. exd5 Qxd5 9. c4 Qd7 10. Ne4 Be7 11. Bg5 0-0 12. Nxf6+ Bxf6 13. Bxf6 gxf6 14. Be4 Bxe4 15. Qxe4 Qc6 16. Qe2 Nd7 17. b3 Kh8 18. 0-0-0 Qd6 19. Rhe1 c6 20. Rd3 Rg8 21. g3 Rad8 22. Nd2 Nc5 23. dxc5 Qxd3 24. Qxd3 Rxd3 0-1

[Event "Tack Memorial U2200"]
[Site "Gualeguaychu"]
[Date "2017.03.12"]
[Round "5"]
[White "Izquierdo, Sebastian"]
[Black "Zalisnak, Jacobo"]
[Result "0-1"]
[WhiteElo "2009"]
[BlackElo "2041"]
[PlyCount "26"]
[EventDate "2017.03.11"]
[EventType "swiss"]
[EventRounds "5"]
[EventCountry "ARG"]
[SourceTitle "EXT 2024"]
[Source "ChessBase"]
[SourceDate "2023.10.10"]
[SourceVersion "1"]
[SourceVersionDate "2023.10.10"]
[SourceQuality "1"]

1. d4 b5 2. Nf3 Bb7 3. g3 e6 4. Bg2 c5 5. 0-0 Nf6 6. Bg5 Qc7 7. Bxf6 gxf6 8. e3 d6 9. Nbd2 Nd7 10. c3 e5 11. Rc1 Be7 12. e4 a5 13. a3 0-0 0-1

[Event "Concordia Salto Grande 2nd"]
[Site "Concordia"]
[Date "2009.01.25"]
[Round "5"]
[White "Ferrara, Alexis"]
[Black "Zalisnak, Jacobo"]
[Result "1/2-1/2"]
[WhiteElo "2211"]
[BlackElo "2081"]
[PlyCount "68"]
[EventDate "2009.01.22"]
[EventType "swiss"]
[EventRounds "7"]
[EventCountry "ARG"]
[SourceTitle "EXT 2024"]
[Source "ChessBase"]
[SourceDate "2023.10.10"]
[SourceVersion "1"]
[SourceVersionDate "2023.10.10"]
[SourceQuality "1"]

1. d4 e6 2. Nf3 Nf6 3. c4 b6 4. g3 Bb7 5. Bg2 Bb4+ 6. Bd2 Bxd2+ 7. Qxd2 d5 8. Ne5 Nbd7 9. Nc3 0-0 10. 0-0 Ne4 11. Nxe4 dxe4 12. Qe3 f5 13. Nxd7 Qxd7 14. f3 Rad8 15. Rad1 exf3 16. exf3 Qc6 17. b3 Rd6 18. Rd2 Qd7 19. Rfd1 Rd8 20. f4 Bxg2 21. Kxg2 c6 22. Kf2 Kf7 23. Qe5 g6 24. h3 Qe7 25. Ke3 Qf6 26. c5 Qxe5+ 27. dxe5 Rxd2 28. Rxd2 Rxd2 29. Kxd2 b5 30. a4 bxa4 31. bxa4 a5 32. Ke2 h5 33. Kf3 Kg7 34. g4 h4 1/2-1/2